[Event "World Junior U20 Open 2018"]
[Site "Gebze"]
[Date "2018.09.10"]
[Round "6.65"]
[White "Kilic, Gokturk Kagan"]
[Black "Tifferet, Shaked"]
[Result "0-1"]
[WhiteElo "1910"]
[BlackElo "2299"]
[Annotator "NA"]
[PlyCount "76"]
[EventDate "2018.09.05"]
[EventType "swiss"]
[EventCountry "TUR"]
[SourceTitle "playchess.com"]
[Source "ChessBase"]
[SourceQuality "1"]
[TimeControl "40/5400+30:1800+30"]

1. e4 {[%emt 0:00:30]} c5 {[%emt 0:00:30]} 2. c3 {[%emt 0:00:30]} d6 {[%emt 0:00:30]} 3. d4 {[%emt 0:01:30]} Nf6 {[%emt 0:00:30]} 4. Bd3 {[%emt 0:01:30]} g6 {[%emt 0:01:00]} 5. Nf3 {[%emt 0:07:30]} Bg7 {[%emt 0:00:30]} 6. O-O {[%emt 0:00:30]} O-O {[%emt 0:00:30]} 7. h3 {[%emt 0:02:30]} d5 {[%emt 0:01:00]} 8. e5 {[%emt 0:08:30]} Ne4 {[%emt 0:00:30]} 9. Qe2 {[%emt 0:02:30]} Bf5 {[%emt 0:04:30]} 10. Nbd2 {[%emt 0:00:30]} Nxd2 {[%emt 0:00:30]} 11. Bxd2 {[%emt 0:00:30]} Bxd3 {[%emt 0:05:30]} 12. Qxd3 {[%emt 0:00:30]} Qb6 {[%emt 0:01:30]} 13. dxc5 {[%emt 0:20:00]} Qxc5 {[%emt 0:06:30]} 14. Be3 {[%emt 0:03:30]} Qc6 {[%emt 0:08:30]} 15. Rfd1 {[%emt 0:04:30]} e6 {[%emt 0:04:30]} 16. Nd4 {[%emt 0:04:30]} Qc8 {[%emt 0:13:30]} 17. Rac1 {[%emt 0:07:30]} a6 $16 {[%emt 0:00:30]} (17... Bxe5 $11 {bleibt in der Remisbreite.} 18. c4 Nc6) 18. a4 b5 19. f4 bxa4 20. c4 Qb7 21. cxd5 Qxd5 {[%emt 1:00:30]} 22. Qc2 {[%emt 1:23:11]} Qb7 {[%emt 0:06:30]} 23. Qxa4 {[%emt 0:06:11]} a5 {[%emt 0:10:30]} 24. Nb5 {[%emt 0:03:03]} Na6 {[%emt 0:02:30]} 25. Rd6 {[%emt 0:01:28]} Nb4 {[%emt 0:02:30]} 26. Nc7 {[%emt 0:03:45]} Qe4 {[%emt 0:03:42]} 27. Rc3 {[%emt 0:04:09]} Rac8 {[%emt 0:01:59]} 28. Qxa5 {[%emt 0:01:02]} Nc2 {[%emt 0:00:32]} 29. Bd2 {[%emt 0:00:48]} Nd4 {[%emt 0:01:14]} 30. Kh1 {[%emt 0:00:53]} Ne2 {[%emt 0:00:30]} 31. Rdc6 {[%emt 0:00:28]} Nxc3 {[%emt 0:04:22]} 32. Rxc3 {[%emt 0:00:05]} Rfd8 {[%emt 0:03:07]} 33. Be3 {[%emt 0:00:30]} h5 {[%emt 0:02:02]} 34. Qa6 {[%emt 0:01:19]} Rxc7 {[%emt 0:00:30]} 35. Rxc7 {[%emt 0:00:09]} Qxe3 {[%emt 0:00:28]} 36. Qf1 {[%emt 0:00:21]} Bh6 {[%emt 0:02:00]} 37. Rc4 {[%emt 0:00:30]} Qb3 {[%emt 0:00:12]} 38. Rc1 {[%emt 0:00:27]} Qxb2 {[%emt 0:00:27]} 0-1

[Event "World Junior U20 Open 2018"]
[Site "Gebze"]
[Date "2018.09.10"]
[Round "6.66"]
[White "Pigeat, Alexandre"]
[Black "Petkov, Momchil"]
[Result "1-0"]
[WhiteElo "2347"]
[BlackElo "2163"]
[Annotator "NA"]
[PlyCount "63"]
[EventDate "2018.09.05"]
[EventType "swiss"]
[EventCountry "TUR"]
[SourceTitle "playchess.com"]
[Source "ChessBase"]
[SourceQuality "1"]
[TimeControl "40/5400+30:1800+30"]

1. d4 {[%emt 0:00:30]} f5 {[%emt 0:00:30]} 2. c4 {[%emt 0:02:30]} Nf6 {[%emt 0:00:00]} 3. Bg5 {[%emt 0:00:30]} e6 {[%emt 0:04:00]} 4. Nc3 {[%emt 0:01:30]} Bb4 {[%emt 0:03:30]} 5. e3 {[%emt 0:00:30]} O-O {[%emt 0:03:30]} 6. Bd3 {[%emt 0:03:30]} h6 {[%emt 0:07:30]} 7. Bxf6 {[%emt 0:00:30]} Qxf6 {[%emt 0:00:30]} 8. Nge2 {[%emt 0:00:30]} c6 {[%emt 0:01:30]} 9. O-O {[%emt 0:00:30]} d5 {[%emt 0:00:30]} 10. f3 {[%emt 0:00:30]} Nd7 {[%emt 0:15:30]} 11. Qb3 {[%emt 0:04:30]} Bd6 {[%emt 0:05:30]} 12. e4 {[%emt 0:05:30]} fxe4 {[%emt 0:05:30]} 13. fxe4 {[%emt 0:00:30]} Qg5 {[%emt 0:00:30]} 14. Rxf8+ {[%emt 0:05:30]} Nxf8 {[%emt 0:00:30]} 15. Rd1 {[%emt 0:03:30]} e5 {[%emt 0:12:30] [#]} 16. c5 $1 {[%emt 0:04:30]} exd4 {[%emt 0:06:30]} 17. cxd6 {[%emt 0:05:30]} dxc3 {[%emt 0:00:30]} 18. exd5 {[%emt 0:02:30]} cxd5 $16 {[%emt 0:07:30]} (18... cxb2 $14 19. dxc6+ (19. Qxb2 cxd5 20. Qc1 Be6 $11) 19... Be6 20. Qxb2 (20. Qxb7 Bd5 $11) 20... bxc6) 19. Nxc3 Bg4 20. Nxd5 Kh8 21. Ne7 Be6 22. Qxb7 {[%emt 0:54:00]} Rd8 {[%emt 1:29:27]} 23. Qe4 {[%emt 0:00:30]} Qc5+ {[%emt 0:00:30]} 24. Kh1 {[%emt 0:00:30]} Qxd6 {[%emt 0:08:10]} 25. Rf1 {[%emt 0:00:30]} g6 {[%emt 0:01:42]} 26. Rxf8+ {[%emt 0:05:30]} Rxf8 {[%emt 0:00:05]} 27. Nxg6+ {[%emt 0:03:30]} Kg7 {[%emt 0:00:40]} 28. Nxf8 {[%emt 0:00:30]} Kxf8 {[%emt 0:00:00]} 29. Qa8+ {[%emt 0:02:30]} Kg7 {[%emt 0:00:26]} 30. Qxa7+ {[%emt 0:00:30]} Bf7 {[%emt 0:00:15]} 31. Bf1 {[%emt 0:03:30]} Qf6 {[%emt 0:01:11]} 32. Bc4 {[%emt 0:00:30]} 1-0

[Event "World Junior U20 Open 2018"]
[Site "Gebze"]
[Date "2018.09.10"]
[Round "6.67"]
[White "Tasdogen, Dincer"]
[Black "Piyumantha, M Sasith Nipun"]
[Result "1-0"]
[WhiteElo "2329"]
[BlackElo "2139"]
[Annotator "NA"]
[PlyCount "87"]
[EventDate "2018.09.05"]
[EventType "swiss"]
[EventCountry "TUR"]
[SourceTitle "playchess.com"]
[Source "ChessBase"]
[SourceQuality "1"]
[TimeControl "40/5400+30:1800+30"]

1. e4 {[%emt 0:00:30]} c6 {[%emt 0:00:30]} 2. d4 {[%emt 0:00:00]} d5 {[%emt 0:00:30]} 3. Nc3 {[%emt 0:00:00]} dxe4 {[%emt 0:00:00]} 4. Nxe4 {[%emt 0:00:00]} Bf5 {[%emt 0:00:00]} 5. Ng3 {[%emt 0:00:00]} Bg6 {[%emt 0:00:30]} 6. h4 {[%emt 0:00:30]} h6 {[%emt 0:00:00]} 7. f4 {[%emt 0:00:00]} e6 {[%emt 0:00:00]} 8. h5 {[%emt 0:00:00]} Bh7 $1 {[%emt 0:00:30]} 9. Nf3 {[%emt 0:00:00]} Nd7 {[%emt 0:00:00] LiveBook: 125 Partien} 10. Bd3 {[%emt 0:00:00]} Bxd3 {[%emt 0:00:00]} 11. Qxd3 {[%emt 0:00:30]} Ngf6 {[%emt 0:00:30]} 12. Bd2 {[%emt 0:00:30]} Qc7 {[%emt 0:00:00]} 13. O-O-O {[%emt 0:18:30]} c5 {[%emt 0:05:30] B18: Classical Caro-Kann: 4...Bf5 sidelines} 14. dxc5 {[%emt 0:03:30]} Bxc5 {[%emt 0:00:30]} 15. Ne4 {[%emt 0:00:30]} (15. Qe2 O-O 16. Ne5 Rac8 17. Kb1 Bd6 18. Bc3 Nb6 19. Bd4 Nbd5 20. Ne4 Nxe4 21. Qxe4 {0-1 (28) Mamedyarov,S (2760)-Topalov,V (2780) Nice 2008}) 15... O-O {[%emt 0:05:30]} 16. Kb1 {[%emt 0:08:30]} Nxe4 {[%emt 0:01:30]} 17. Qxe4 {[%emt 0:01:30]} Nf6 {[%emt 0:00:30]} 18. Qe2 {[%emt 0:00:30]} Rfd8 $146 {[%emt 0:04:00]} ({Predecessor:} 18... Rac8 19. Ne5 Be7 {½-½ (30) Kadziolka,B (2359)-Kasparova,T (2205) Pardubice 2006}) 19. Ne5 {[%emt 0:01:00]} Bd4 {[%emt 0:01:30]} 20. g4 {[%emt 0:08:30]} Rac8 {[%emt 0:05:30]} 21. c3 {[%emt 0:01:30]} Bxe5 {[%emt 0:01:30]} 22. fxe5 {[%emt 0:03:30]} Nh7 {[%emt 0:00:30]} 23. Bf4 {[%emt 0:05:30]} Rxd1+ {[%emt 0:06:00]} 24. Rxd1 {[%emt 0:01:30]} Rd8 $11 {[%emt 0:06:30]} 25. Rxd8+ Qxd8 26. Kc2 Qd5 27. b3 Ng5 28. c4 Qd4 29. Qe3 Qa1 {[%emt 0:52:30]} 30. a4 {[%emt 1:31:24]} Qa2+ {[%emt 0:00:30]} 31. Kc3 {[%emt 0:00:30]} Qa1+ {[%emt 0:00:30]} 32. Kb4 {[%emt 0:04:01]} a6 {[%emt 0:26:30]} 33. Bxg5 {[%emt 0:08:05]} hxg5 {[%emt 0:00:00]} 34. Kc5 {[%emt 0:00:00]} Qa3+ {[%emt 0:01:00]} 35. Kb6 {[%emt 0:00:11]} Qe7 {[%emt 0:01:30]} 36. c5 {[%emt 0:01:07]} Qd7 {[%emt 0:05:30]} 37. Qe4 {[%emt 0:00:02]} Qd1 {[%emt 0:00:00]} 38. Kxb7 {[%emt 0:01:41]} Qxb3+ {[%emt 0:00:00]} 39. Kxa6 {[%emt 0:00:08]} Qb8 {[%emt 0:00:30]} 40. Qb7 {[%emt 0:00:30]} Qxe5 {[%emt 0:00:30]} 41. c6 {[%emt 0:30:30]} Qd4 {[%emt 0:00:30]} 42. a5 {[%emt 0:00:00]} Qd3+ {[%emt 0:03:30]} 43. Ka7 {[%emt 0:00:00]} Qd5 {[%emt 0:02:30]} 44. a6 {[%emt 0:00:00]} 1-0

[Event "World Junior U20 Open 2018"]
[Site "Gebze"]
[Date "2018.09.10"]
[Round "6.68"]
[White "Kwon, Sehyun"]
[Black "Taalaibekov, Tagir"]
[Result "1-0"]
[WhiteElo "2129"]
[BlackElo "2291"]
[Annotator "ChessBase"]
[PlyCount "69"]
[EventDate "2018.09.05"]
[EventType "swiss"]
[EventCountry "TUR"]
[SourceTitle "playchess.com"]
[Source "ChessBase"]
[SourceQuality "1"]
[TimeControl "40/5400+30:1800+30"]

1. e4 d6 2. d4 Nf6 3. Nc3 Nbd7 4. g4 h6 5. h3 e5 6. Be3 Be7 7. Bg2 c6 8. a4 b6 9. Nge2 Qc7 10. O-O O-O 11. Ng3 Rd8 12. f4 Ba6 13. Re1 Nh7 14. Nf5 Bf8 15. Qf3 g6 16. Ng3 Bg7 17. Rad1 exf4 18. Bxf4 Ng5 19. Qe3 {[%emt 0:56:30]} Nf6 {[%emt 1:33:34]} 20. e5 {[%emt 0:15:30]} dxe5 {[%emt 0:02:20]} 21. dxe5 {[%emt 0:00:30]} Nd5 {[%emt 0:00:07]} 22. Nxd5 {[%emt 0:00:30]} cxd5 {[%emt 0:00:22]} 23. e6 {[%emt 0:10:13]} Qc4 {[%emt 0:04:27]} 24. Bxg5 {[%emt 0:03:10]} hxg5 {[%emt 0:00:05]} 25. exf7+ {[%emt 0:00:33]} Kh7 {[%emt 0:00:36]} 26. Bf1 {[%emt 0:04:52]} Qxa4 {[%emt 0:00:37]} 27. b3 {[%emt 0:00:44]} Qa3 {[%emt 0:00:30]} 28. Qxg5 {[%emt 0:00:30]} Qc5+ {[%emt 0:00:30]} 29. Kh1 {[%emt 0:00:30]} Bb7 {[%emt 0:00:43]} 30. Qh4+ {[%emt 0:02:22]} Bh6 {[%emt 0:00:30]} 31. Re7 {[%emt 0:00:30]} Rf8 {[%emt 0:00:36]} 32. Rxb7 {[%emt 0:01:37]} Qe3 {[%emt 0:00:30]} 33. Bg2 {[%emt 0:00:30]} g5 {[%emt 0:00:30]} 34. Qxh6+ {[%emt 0:00:30]} Kxh6 {[%emt 0:00:30]} 35. Nf5+ {[%emt 0:00:45]} 1-0

[Event "World Junior U20 Open 2018"]
[Site "Gebze"]
[Date "2018.09.10"]
[Round "6.69"]
[White "Ongut, Tamas Gunes"]
[Black "Yaran, Siar"]
[Result "1-0"]
[WhiteElo "2121"]
[BlackElo "2271"]
[Annotator "TA"]
[PlyCount "51"]
[EventDate "2018.09.05"]
[EventType "swiss"]
[EventCountry "TUR"]
[SourceTitle "playchess.com"]
[Source "ChessBase"]
[SourceQuality "1"]

{[%evp 17,51,35,39,30,34,27,42,33,56,60,60,55,47,57,85,78,106,97,139,127,132,102,119,117,92,115,266,254,533,497,864,814,1372,1370,1366,1356]} 1. e4 e5 2. Nf3 Nc6 3. Bb5 d6 4. d4 Bd7 5. Nc3 exd4 6. Nxd4 g6 7. Be3 Bg7 8. Qd2 Nf6 9. Bxc6 bxc6 {LiveBook: 23 Games} 10. Bh6 {C62: Ruy Lopez: Steinitz Defence} Bxh6 11. Qxh6 Ng4 12. Qd2 {White is slightly better.} Qh4 13. g3 Qh6 $146 ({Predecessor:} 13... Qh3 14. f4 O-O 15. O-O-O f6 16. Nf3 Rfe8 17. Ng1 Qh5 {1-0 (40) Simantsev,M (2556)-Abbasifar,H (2411) Kireevsk 2011}) 14. f4 O-O 15. O-O-O Rfe8 16. Rde1 Rab8 17. Nf3 {[%cal Bd4f3,Bf3h2,Bh2g4][%mdl 32]} c5 18. h3 Nf6 19. g4 {[%cal Bg3g4,Bg4g5][%mdl 32] g5 is the strong threat.} Bc6 {[%cal Rf6e4]} 20. g5 Qh5 {[%cal Rf6e4]} 21. Nh2 Nxe4 $2 (21... Nd7 $16) 22. Nxe4 $18 Bxe4 $2 (22... Rxe4 {was worth a try.} 23. Rxe4 Bxe4) 23. Ng4 {White is clearly winning.} Kf8 {[#]} (23... Qh4 $142 24. Nf6+ Kh8 25. Nxe4 Rb4 26. Qc3+ Rd4) 24. Qc3 $1 {[%cal Rc3h8]} Rb4 25. Qh8+ Ke7 26. Qf6+ {Precision: White = 91%, Black = 33%.} 1-0

[Event "World Junior U20 Open 2018"]
[Site "Gebze"]
[Date "2018.09.10"]
[Round "6.70"]
[White "Kilic, Efe Mert"]
[Black "Erdogan, Anil Berk"]
[Result "1-0"]
[WhiteElo "2269"]
[BlackElo "2083"]
[Annotator "NA"]
[PlyCount "67"]
[EventDate "2018.09.05"]
[EventType "swiss"]
[EventCountry "TUR"]
[SourceTitle "playchess.com"]
[Source "ChessBase"]
[SourceQuality "1"]
[TimeControl "40/5400+30:1800+30"]

1. e4 {[%emt 0:00:30]} e6 {[%emt 0:00:30]} 2. d4 {[%emt 0:00:30]} d5 {[%emt 0:00:00]} 3. Nd2 {[%emt 0:00:30]} Nf6 {[%emt 0:06:00]} 4. e5 {[%emt 0:01:00]} Nfd7 {[%emt 0:00:30]} 5. c3 {[%emt 0:00:30]} c5 {[%emt 0:00:00]} 6. f4 {[%emt 0:00:30]} Nc6 {[%emt 0:00:30]} 7. Ndf3 {[%emt 0:01:30]} Qb6 {[%emt 0:04:30]} 8. a3 {[%emt 0:01:30]} Be7 {[%emt 0:04:30]} 9. Ne2 {[%emt 0:02:30]} f6 {[%emt 0:07:30]} 10. h4 {[%emt 0:19:30]} a5 {[%emt 0:17:30]} 11. b3 {[%emt 0:04:30]} a4 {[%emt 0:11:30]} 12. b4 {[%emt 0:01:30]} c4 {[%emt 0:01:30]} 13. h5 {[%emt 0:02:30]} Qc7 {[%emt 0:03:30]} 14. g4 {[%emt 0:09:30]} b5 {[%emt 0:07:30]} 15. Bh3 {[%emt 0:22:30]} Rf8 $16 {[%emt 0:09:30]} 16. Qc2 {[%emt 1:09:00]} h6 {[%emt 1:16:00]} 17. Be3 {[%emt 0:05:30]} fxe5 {[%emt 0:14:27]} 18. Nxe5 {[%emt 0:01:30]} Bh4+ {[%emt 0:03:54]} 19. Kd2 {[%emt 0:00:30]} Ndxe5 {[%emt 0:00:30]} 20. fxe5 {[%emt 0:00:00]} Ne7 {[%emt 0:02:21]} 21. Raf1 {[%emt 0:00:00]} Rg8 {[%emt 0:00:30]} 22. Nf4 {[%emt 0:00:30]} Bg5 {[%emt 0:00:30]} 23. Qh7 {[%emt 0:02:30]} Bxf4 {[%emt 0:01:57]} 24. Rxf4 {[%emt 0:00:30]} Bd7 {[%emt 0:01:03]} 25. Rhf1 {[%emt 0:00:30]} O-O-O {[%emt 0:00:02]} 26. Rf7 {[%emt 0:00:00]} Be8 {[%emt 0:00:32]} 27. Rxg7 {[%emt 0:02:00]} Bg6 {[%emt 0:01:13]} 28. hxg6 {[%emt 0:02:33]} Rh8 {[%emt 0:00:46]} 29. Rxe7 {[%emt 0:00:30]} Rxh7 {[%emt 0:00:00]} 30. Rxh7 {[%emt 0:00:54]} Qc6 {[%emt 0:00:16]} 31. Rff7 {[%emt 0:00:42]} Rg8 {[%emt 0:00:39]} 32. Rc7+ {[%emt 0:01:10]} Qxc7 {[%emt 0:00:01]} 33. Rxc7+ {[%emt 0:00:00]} Kxc7 {[%emt 0:00:40]} 34. Bxh6 {[%emt 0:00:00]} 1-0

[Event "World Junior U20 Open 2018"]
[Site "Gebze"]
[Date "2018.09.10"]
[Round "6.71"]
[White "Wong, Yinn Long"]
[Black "Gulden, Egemen"]
[Result "1/2-1/2"]
[WhiteElo "2261"]
[BlackElo "2068"]
[Annotator "NA"]
[PlyCount "56"]
[EventDate "2018.09.05"]
[EventType "swiss"]
[EventCountry "TUR"]
[SourceTitle "playchess.com"]
[Source "ChessBase"]
[SourceQuality "1"]
[TimeControl "40/5400+30:1800+30"]

1. e4 {[%emt 0:00:30]} c5 {[%emt 0:00:30]} 2. Nc3 {[%emt 0:00:30]} a6 {[%emt 0:01:30]} 3. f4 {[%emt 0:02:30]} b5 {[%emt 0:00:00]} 4. g3 {[%emt 0:03:00]} Bb7 {[%emt 0:00:30]} 5. Bg2 {[%emt 0:00:30]} g6 {[%emt 0:02:00]} 6. Qe2 {[%emt 0:04:30]} Bg7 {[%emt 0:04:30]} 7. Nf3 {[%emt 0:03:30]} e6 {[%emt 0:07:30]} 8. e5 {[%emt 0:03:30]} d5 {[%emt 0:00:30]} 9. exd6 {[%emt 0:15:30]} Qxd6 {[%emt 0:00:30]} 10. a4 {[%emt 0:04:30]} b4 {[%emt 0:01:30]} 11. Ne4 {[%emt 0:04:30]} Qc7 {[%emt 0:02:30]} 12. Ne5 {[%emt 0:06:30]} Ra7 {[%emt 0:21:30]} 13. d3 {[%emt 0:08:30]} ({White should play} 13. O-O $14) 13... Nf6 {[%emt 0:05:30]} 14. O-O {[%emt 0:10:30]} O-O {[%emt 0:02:30]} 15. Nc4 $11 {[%emt 0:06:30]} Nbd7 16. Be3 Raa8 {[%emt 1:07:00]} 17. Nxf6+ {[%emt 1:17:30]} Bxf6 {[%emt 0:00:30]} 18. Bxb7 {[%emt 0:00:30]} Qxb7 {[%emt 0:00:30]} 19. a5 {[%emt 0:00:30]} Bg7 {[%emt 0:02:30]} 20. Qf2 {[%emt 0:05:50]} Qd5 {[%emt 0:02:30]} 21. Rad1 {[%emt 0:00:37]} Rfd8 {[%emt 0:06:30]} 22. b3 {[%emt 0:00:36]} Bd4 {[%emt 0:01:30]} 23. Rde1 {[%emt 0:03:22]} Rab8 {[%emt 0:02:07]} 24. g4 {[%emt 0:03:28]} f6 {[%emt 0:11:40]} 25. Re2 {[%emt 0:01:43]} Rf8 {[%emt 0:01:10]} 26. Rfe1 {[%emt 0:01:57]} Bc3 {[%emt 0:01:39]} 27. Bd2 {[%emt 0:01:01]} Bd4 {[%emt 0:00:30]} 28. Be3 {[%emt 0:00:30]} Bc3 {[%emt 0:00:00]} 1/2-1/2

[Event "World Junior U20 Open 2018"]
[Site "Gebze"]
[Date "2018.09.10"]
[Round "6.72"]
[White "Zrikem, Nassim"]
[Black "Noboa, Kevin"]
[Result "0-1"]
[WhiteElo "2066"]
[BlackElo "2256"]
[Annotator "NA"]
[PlyCount "54"]
[EventDate "2018.09.05"]
[EventType "swiss"]
[EventCountry "TUR"]
[SourceTitle "playchess.com"]
[Source "ChessBase"]
[SourceQuality "1"]
[TimeControl "40/5400+30:1800+30"]

1. d4 {[%emt 0:00:30]} Nf6 {[%emt 0:00:30]} 2. Nf3 {[%emt 0:00:30]} e6 {[%emt 0:00:30]} 3. e3 {[%emt 0:00:00]} b6 {[%emt 0:00:00]} 4. Bd3 {[%emt 0:00:00]} Bb7 {[%emt 0:00:00]} 5. O-O {[%emt 0:00:00]} c5 {[%emt 0:00:30]} 6. c4 {[%emt 0:00:00]} Be7 {[%emt 0:02:30]} 7. Nc3 {[%emt 0:00:30]} cxd4 {[%emt 0:00:30]} 8. exd4 {[%emt 0:00:30]} d6 {[%emt 0:00:00]} 9. d5 {[%emt 0:10:30]} e5 {[%emt 0:03:00]} 10. Nd2 {[%emt 0:10:30]} O-O {[%emt 0:00:30]} 11. f4 {[%emt 0:00:30]} exf4 {[%emt 0:00:30]} 12. Nb3 {[%emt 0:20:30]} Nbd7 {[%emt 0:12:30]} 13. Bxf4 {[%emt 0:01:30]} Ne5 {[%emt 0:03:30]} 14. Nd4 {[%emt 0:16:30]} g6 {[%emt 0:05:30]} 15. Nf3 {[%emt 0:04:30]} Nfd7 {[%emt 0:08:30]} 16. Ne4 {[%emt 0:03:30]} b5 {[%emt 0:11:30]} 17. b3 {[%emt 1:23:09]} ({Better is} 17. Nxe5 $14 Nxe5 18. cxb5) 17... Re8 $11 {[%emt 1:00:30]} 18. Bxe5 {[%emt 0:00:30]} dxe5 {[%emt 0:00:30]} 19. Nc3 {[%emt 0:00:30]} Bb4 {[%emt 0:03:30]} 20. Ne4 {[%emt 0:11:24]} f5 {[%emt 0:01:30]} 21. Neg5 {[%emt 0:03:21]} e4 {[%emt 0:00:30]} 22. Ne6 {[%emt 0:00:52]} Qb6+ {[%emt 0:00:30]} 23. Kh1 {[%emt 0:00:01]} exf3 {[%emt 0:01:30]} 24. Rxf3 {[%emt 0:00:34]} Nf8 {[%emt 0:03:30]} 25. Bxf5 {[%emt 0:01:05]} gxf5 {[%emt 0:00:30]} 26. Rg3+ {[%emt 0:00:30]} Ng6 {[%emt 0:00:30]} 27. Nf4 {[%emt 0:00:30]} Re1+ {[%emt 0:00:30]} 0-1

[Event "World Junior U20 Open 2018"]
[Site "Gebze"]
[Date "2018.09.10"]
[Round "6.73"]
[White "Rodrigue-Lemieux, Shawn"]
[Black "Baylav, Can"]
[Result "1-0"]
[WhiteElo "2250"]
[BlackElo "2026"]
[Annotator "NA"]
[PlyCount "52"]
[EventDate "2018.09.05"]
[EventType "swiss"]
[EventCountry "TUR"]
[SourceTitle "playchess.com"]
[Source "ChessBase"]
[SourceQuality "1"]
[TimeControl "40/5400+30:1800+30"]

1. e4 {[%emt 0:00:30]} c5 {[%emt 0:00:30]} 2. Nf3 {[%emt 0:00:00]} d6 {[%emt 0:00:30]} 3. d4 {[%emt 0:00:00]} cxd4 {[%emt 0:00:00]} 4. Qxd4 {[%emt 0:00:30]} a6 {[%emt 0:00:00]} 5. c4 {[%emt 0:00:00]} Nc6 {[%emt 0:00:30]} 6. Qe3 {[%emt 0:00:00]} Nf6 {[%emt 0:00:30] B53: Sicilian: 2...d6: Lines with Qxd4} (6... Bg4 7. Nd4 g6 8. Nc3 Bg7 9. Nxc6 bxc6 10. h3 Be6 11. Be2 Nf6 12. O-O O-O 13. f4 Qa5 14. Bd2 {1-0 (50) Karjakin,S (2763)-Nepomniachtchi,I (2751) Moscow 2018}) 7. h3 {[%emt 0:00:30]} g6 {[%emt 0:01:30]} 8. Be2 {[%emt 0:00:00]} Bg7 {[%emt 0:00:30]} 9. Nc3 {[%emt 0:01:00]} O-O {[%emt 0:01:30]} 10. O-O {[%emt 0:00:00]} Nd7 {[%emt 0:02:30]} 11. b3 {[%emt 0:12:00]} Nc5 {[%emt 0:02:30]} 12. Bb2 {[%emt 0:02:30]} Qa5 {[%emt 0:01:30]} 13. Qc1 $146 {[%emt 0:02:30]} ({Predecessor:} 13. Nd1 Bxb2 14. Nxb2 {1-0 (74) Franco Aquilar,O (2169)-Rodriguez Hernandez,L (2223) Santa Clara 2015}) 13... f5 {[%emt 0:00:30]} 14. exf5 {[%emt 0:00:30]} Bxf5 {[%emt 0:05:30]} 15. Nd5 {[%emt 0:09:30]} Nd3 {[%emt 0:08:30]} 16. Bxd3 {[%emt 0:00:30]} Bxd3 {[%emt 0:00:30]} 17. Bxg7 {[%emt 0:00:00]} Kxg7 {[%emt 0:01:30]} 18. b4 {[%emt 0:00:00]} Nxb4 {[%emt 0:03:30]} 19. Qc3+ {[%emt 0:01:30]} e5 {[%emt 0:00:30]} 20. Rfe1 {[%emt 0:10:30]} Kg8 {[%emt 0:09:30]} 21. a3 {[%emt 0:07:30]} Bxc4 {[%emt 0:04:30]} 22. Ne7+ $18 {[%emt 0:01:30]} ({Less strong is} 22. Nxb4 Rac8 $18) 22... Kf7 {[%emt 0:00:30]} 23. Qxc4+ {[%emt 0:02:30]} Kxe7 {[%emt 0:00:30]} 24. axb4 {[%emt 0:00:30]} Qb5 {[%emt 0:00:30]} 25. Qh4+ {[%emt 0:00:30]} Ke8 {[%emt 0:01:30]} 26. Ra5 {[%emt 0:01:30]} Rh8 {[%emt 0:03:30]} 1-0